000 00714nam a2200289Ia 4500
005 20260324143853.0
008 008 260324s9999 xx 000 0 eng d
020 _a9781315067360
037 _aEBOOK
040 _aCRL
040 _beng
040 _cCRL
041 _2eng
041 _aeng
084 _qCRL
100 _aPeter Pumfrey; Colin Elliott
_91217236
245 0 _aChildren's Difficulties In Reading, Spelling and Writing
245 0 _bChallenges And Responses
260 _bTaylor and Francis
260 _c1990
365 _a
365 _b230
856 _uhttp://www.taylorfrancis.com/books/9781315067360
942 _cEBOOK
999 _c1823140
_d1823140